Suicide: a study in sociology

Zapisane w:
Opis bibliograficzny
1. autor: Durkheim, Emile (Autor)
Format: Książka
Język:angielski
Wydane: Nueva York Free Press 1966
Hasła przedmiotowe:
Etykiety: Dodaj etykietę
Nie ma etykietki, Dołącz pierwszą etykiete!

MARC

LEADER 00000nam a2200000 a 4500
001 UCR6474
003 CL-VaPUC
008 980423e19660000US |||||||||||||||||eng|d
082 0 4 |a 364.152  |b DUR  |2 21 
100 0 |a Durkheim, Emile  |e author  |9 314700 
245 1 0 |a Suicide: a study in sociology 
300 |a 405 p 
942 |c BK 
945 |d 19980423 00:00:00  |a lriquelm 
260 |a Nueva York  |b Free Press  |c 1966 
650 7 |a SUICIDIO  |2 CL-VaPUC  |9 317374 
650 0 |a Aspectos sociales  |9 254894 
583 |a last modification  |c 19980423 00:00:00  |k Rodrigo Vera 
999 |c 268558  |d 268556 
952 |0 0  |1 0  |4 0  |6 364_152000000000000_DUR_1966  |7 0  |8 A  |9 301758  |a BIBENE  |b BIBENE  |d 2019-11-20  |i 1984373  |o 364.152 DUR 1966  |p 1984373  |r 2025-01-15  |w 2019-11-20  |y BK  |k ICO